000 00792nam a2200217Ii 4500
003 JO-AjNU
008 230605s9999||||xx |||||||||||||| ||und||
017 _a1990/1780
020 _a977-01-2340-4
040 _aJO-AjNU
_bara
_erda
_cJO-AjNU
041 _aara
050 1 4 _aBP190.5.I5.M83 1990
100 3 _aعبد الحليم، محي الدين,
_eauthor
_99256
245 0 0 _aالإعلام عن الإسلام في غير ديار الإسلام
264 3 1 _aالقاهرة: الهيئة المصرية العامة للكتاب، 1990
300 _a185ص
_bالملاحق ص 125-185
336 _atext
_btxt
_2rdacontent
337 _aunmediated
_bn
_2rdamedia
338 _avolume
_bnc
_2rdacarrier
650 4 _aالاعلام الاسلامي- الدعوة الاسلامية
_99257
999 _aA1205
_c4773
_d4773